U.S States that End in "A" - Statistics

General Stats
  • This quiz has been taken 102 times
    46 since last reset
  • The average score is 18 of 21
Answer Stats
U.S State % Correct
Alabama
95%
Arizona
95%
California
95%
Alaska
92%
Florida
90%
North Dakota
90%
South Carolina
90%
Georgia
87%
North Carolina
87%
South Dakota
87%
Indiana
85%
Pennsylvania
85%
Nebraska
82%
Nevada
82%
Oklahoma
82%
Virginia
82%
West Virginia
82%
Louisiana
79%
Minnesota
79%
Montana
79%
Iowa
74%
No matching quizzes found
Score Distribution
Percent of People with Each Score
Percentile by Number Answered
Your Score History
You have not taken this quiz since the last reset